Loading...

Nitrogen assimilation of plants

Bibliographic Details
Other Authors: Cutting, C. V. (Editor), Hewitt, E. J. (Editor)
Format: Printed Book
Language:English
LEADER 00358nam a2200109Ia 4500
008 210227s9999||||xx |||||||||||||| ||eng||
245 0 |a Nitrogen assimilation of plants 
700 |a Cutting, C. V.  |e editor. 
700 |a Hewitt, E. J.  |e editor. 
942 |c BK 
999 |c 356445  |d 356445 
952 |0 0  |1 0  |4 0  |7 0  |9 413602  |a BOT  |b BOT  |c ST1  |d 2021-03-01  |l 0  |p BOT4644  |r 2021-03-01  |w 2021-03-01  |y BK